[Event "Warsaw Maciei Memorial"]
[Site "Warsaw"]
[Date "2025.07.07"]
[Round "8"]
[White "Alvarado, Carlos"]
[Black "Socko, Monika"]
[Result "0-1"]
[WhiteElo "2032"]
[BlackElo "2362"]
[PlyCount "76"]
[EventDate "2025.07.07"]
[EventType "swiss (blitz)"]
[EventRounds "11"]
[EventCountry "POL"]
[SourceTitle "CB28_2025"]
[SourceDate "2025.07.09"]
[SourceVersion "1"]
[SourceVersionDate "2025.07.09"]
[SourceQuality "1"]

1. Nf3 d5 2. b3 c5 3. Bb2 d4 4. e3 Nc6 5. Bb5 Bd7 6. 0-0 Nf6 7. Bxc6 Bxc6 8. exd4 e6 9. dxc5 Bxc5 10. d4 Bd6 11. c4 0-0 12. Nbd2 Bf4 13. Re1 Qa5 14. a3 Rad8 15. b4 Qh5 16. b5 Bd7 17. Nf1 Rfe8 18. Ne5 Qxd1 19. Raxd1 Bc8 20. g3 Bxe5 21. Rxe5 Nd7 22. Ree1 Nb6 23. Ne3 Na4 24. Ba1 b6 25. Rb1 Bb7 26. Rb4 e5 27. Rxa4 exd4 28. Rxa7 Bf3 29. Ra6 dxe3 30. fxe3 Rd2 31. Rxb6 Rg2+ 32. Kf1 Rxh2 33. Bd4 h5 34. Kg1 Rg2+ 35. Kf1 h4 36. gxh4 Re4 37. Rb8+ Kh7 38. Rc1 Rxh4 0-1

[Event "POL-chT Ekstraliga"]
[Site "Chotowa"]
[Date "2025.06.09"]
[Round "8.6"]
[White "Socko, Monika"]
[Black "Narva, Mai"]
[Result "0-1"]
[WhiteElo "2369"]
[BlackElo "2391"]
[PlyCount "86"]
[EventDate "2025.06.02"]
[EventType "team-tourn"]
[EventRounds "9"]
[EventCountry "POL"]
[SourceTitle "CB24_2025"]
[SourceDate "2025.06.11"]
[SourceVersion "1"]
[SourceVersionDate "2025.06.11"]
[SourceQuality "1"]
[WhiteTeam "Katowice Hetman"]
[BlackTeam "Raciborz Silesia"]
[WhiteTeamCountry "POL"]
[BlackTeamCountry "POL"]

1. d4 Nf6 2. c4 e6 3. Nc3 Bb4 4. e3 0-0 5. Bd2 b6 6. Nf3 Bb7 7. Bd3 d6 8. a3 Bxc3 9. Bxc3 Ne4 10. Qc2 f5 11. 0-0-0 Nd7 12. h4 Qe7 13. Ng5 Nxc3 14. Qxc3 h6 15. Nf3 c5 16. Bc2 Nf6 17. dxc5 bxc5 18. Ne1 Rad8 19. f3 Nh5 20. Rd2 e5 21. Nd3 Ng3 22. Rhd1 Ba8 23. Qa5 Rb8 24. b3 e4 25. Nf4 exf3 26. Qc3 fxg2 27. Nxg2 Bf3 28. Re1 Qe5 29. Kb2 Ne4 30. Bxe4 Rxb3+ 31. Kxb3 Rb8+ 32. Kc2 Bxe4+ 33. Rd3 Bxd3+ 34. Kxd3 Qe4+ 35. Kd2 Qxg2+ 36. Re2 Qe4 37. Qc2 Qe5 38. Ke1 Qa1+ 39. Kf2 Qh1 40. Kg3 Qg1+ 41. Rg2 Qxe3+ 42. Kh2 Qf4+ 43. Kh3 Re8 0-1

[Event "Katowice rapid op"]
[Site "Katowice"]
[Date "2025.06.02"]
[Round "3"]
[White "Socko, Monika"]
[Black "Masternak, Aleksander"]
[Result "1-0"]
[WhiteElo "2276"]
[BlackElo "2095"]
[PlyCount "61"]
[EventDate "2025.05.31"]
[EventType "swiss"]
[EventRounds "11"]
[EventCountry "POL"]
[SourceTitle "CB24_2025"]
[SourceDate "2025.06.11"]
[SourceVersion "1"]
[SourceVersionDate "2025.06.11"]
[SourceQuality "1"]

1. e4 e5 2. Nf3 Nc6 3. d4 exd4 4. Nxd4 Nf6 5. Nxc6 bxc6 6. Bd3 d6 7. 0-0 g6 8. Nd2 Bg7 9. h3 0-0 10. f4 Bb7 11. Nf3 c5 12. e5 Nd5 13. a3 Nxf4 14. Bxf4 dxe5 15. Nxe5 Qd4+ 16. Kh1 Bxe5 17. Bxe5 Qxe5 18. Qg4 Rad8 19. Rae1 Qd6 20. Bc4 Kg7 21. Rd1 Qe7 22. Rxd8 Qxd8 23. Rd1 Qf6 24. b3 Qc3 25. Rf1 h5 26. Qh4 Be4 27. Rf2 Bf5 28. Kh2 Qd4 29. Qg3 Re8 30. Rxf5 Re3 31. Rxf7+ 1-0

[Event "Katowice rapid op"]
[Site "Katowice"]
[Date "2025.05.31"]
[Round "4"]
[White "Ochedzan, Tymon"]
[Black "Socko, Monika"]
[Result "1-0"]
[WhiteElo "2118"]
[BlackElo "2276"]
[PlyCount "91"]
[EventDate "2025.05.31"]
[EventType "swiss"]
[EventRounds "11"]
[EventCountry "POL"]
[SourceTitle "CB24_2025"]
[SourceDate "2025.06.11"]
[SourceVersion "1"]
[SourceVersionDate "2025.06.11"]
[SourceQuality "1"]

1. e4 c6 2. Nc3 d5 3. Nf3 Bg4 4. h3 Bxf3 5. Qxf3 Nf6 6. Be2 d4 7. Nb1 e5 8. 0-0 Bd6 9. d3 0-0 10. Qg3 c5 11. Nd2 Nc6 12. Nf3 Nh5 13. Qg4 g6 14. Nh4 Kh8 15. Bh6 Rg8 16. g3 Be7 17. Nf3 Qe8 18. Ng5 f6 19. Ne6 Rc8 20. h4 Qf7 21. Qh3 f5 22. Bxh5 Qxe6 23. Bf3 Qf7 24. exf5 gxf5 25. Rae1 Bd6 26. Bg5 Qg6 27. Bd5 Rgf8 28. Bd2 Nb4 29. h5 Qf6 30. Bxb7 Rb8 31. Bxb4 Rxb7 32. Bd2 Rxb2 33. f4 Rxc2 34. fxe5 Bxe5 35. Bf4 Bxf4 36. Rxf4 Rg8 37. Rxf5 Qd6 38. Rfe5 Qh6 39. Qh4 Qg7 40. Re8 Qf7 41. Rxg8+ Kxg8 42. Qg5+ Kf8 43. Qd8+ Kg7 44. Re7 Rc1+ 45. Kg2 Rc2+ 46. Kh3 1-0

[Event "Katowice rapid op"]
[Site "Katowice"]
[Date "2025.05.31"]
[Round "6"]
[White "Wilk, Krzysztof"]
[Black "Socko, Monika"]
[Result "1/2-1/2"]
[WhiteElo "2133"]
[BlackElo "2276"]
[PlyCount "71"]
[EventDate "2025.05.31"]
[EventType "swiss"]
[EventRounds "11"]
[EventCountry "POL"]
[SourceTitle "CB24_2025"]
[SourceDate "2025.06.11"]
[SourceVersion "1"]
[SourceVersionDate "2025.06.11"]
[SourceQuality "1"]

1. b4 e5 2. a3 d5 3. Bb2 Nd7 4. e3 Ngf6 5. c4 c6 6. Nf3 Bd6 7. d3 0-0 8. Nbd2 Qe7 9. Be2 a5 10. c5 Bc7 11. e4 Re8 12. 0-0 axb4 13. axb4 Rxa1 14. Qxa1 b6 15. cxb6 Bxb6 16. Qa4 Bb7 17. h3 Ra8 18. Qb3 h6 19. Qc3 Bc7 20. Bd1 Bd6 21. Ba3 d4 22. Qb2 Ba6 23. Bc2 Rb8 24. Ra1 c5 25. Qa2 cxb4 26. Bxb4 Bxb4 27. Qxa6 Bc3 28. Rb1 Rxb1+ 29. Nxb1 Qb4 30. Qa8+ Kh7 31. Qa2 Qb2 32. Qxb2 Bxb2 33. Bb3 Nc5 34. Bc4 Nfd7 35. Kf1 f6 36. Ke2 1/2-1/2

[Event "POL-ch (Women) 76th"]
[Site "Krakow"]
[Date "2025.05.08"]
[Round "3"]
[White "Cyfka, Karina"]
[Black "Socko, Monika"]
[Result "0-1"]
[WhiteElo "2368"]
[BlackElo "2364"]
[PlyCount "110"]
[EventDate "2025.05.06"]
[EventType "tourn"]
[EventRounds "9"]
[EventCountry "POL"]
[EventCategory "3"]
[SourceTitle "CB21_2025"]
[SourceDate "2025.05.21"]
[SourceVersion "1"]
[SourceVersionDate "2025.05.21"]
[SourceQuality "1"]

1. d4 e6 2. Nf3 Nf6 3. Bf4 d5 4. e3 c5 5. c3 Bd6 6. Bg3 0-0 7. Nbd2 b6 8. Ne5 Qc7 9. Bd3 Ba6 10. Bxa6 Nxa6 11. 0-0 Nb8 12. f4 Nc6 13. Bh4 Ne4 14. Nxe4 dxe4 15. Nxc6 Qxc6 16. f5 cxd4 17. cxd4 Rac8 18. fxe6 fxe6 19. Qg4 Qd5 20. Bg3 Bxg3 21. Qxg3 Rf5 22. b3 h6 23. Rac1 Rxf1+ 24. Rxf1 Qg5 25. Qf2 Rc3 26. Qf7+ Kh7 27. Qxe6 Qxe3+ 28. Kh1 Qf4 29. Kg1 Rc1 30. Rxc1 Qxc1+ 31. Kf2 Qd2+ 32. Kg3 Qxd4 33. Qf5+ Kg8 34. Qe6+ Kf8 35. Kf4 e3+ 36. Kg3 Qd3 37. Qc8+ Ke7 38. Qc7+ Kf6 39. Qc6+ Ke5 40. Qe8+ Kd4 41. Qd7+ Kc3 42. Qxg7+ Kd2 43. Qe5 Qg6+ 44. Kf3 Qc6+ 45. Kg3 Qc3 46. Qd5+ Ke1 47. Kh3 Qc5 48. Qd3 e2 49. g4 b5 50. b4 Qc4 51. Qd6 Qe4 52. Kg3 Qe3+ 53. Kg2 Qf2+ 54. Kh3 Qf3+ 55. Kh4 Kf1 0-1

[Event "POL-ch (Women) 76th"]
[Site "Krakow"]
[Date "2025.05.06"]
[Round "1"]
[White "Maltsevskaya, Aleksandra"]
[Black "Socko, Monika"]
[Result "1/2-1/2"]
[WhiteElo "2398"]
[BlackElo "2364"]
[PlyCount "66"]
[EventDate "2025.05.06"]
[EventType "tourn"]
[EventRounds "9"]
[EventCountry "POL"]
[EventCategory "3"]
[SourceTitle "CB21_2025"]
[SourceDate "2025.05.21"]
[SourceVersion "1"]
[SourceVersionDate "2025.05.21"]
[SourceQuality "1"]

1. e4 e5 2. Nf3 Nf6 3. Nxe5 d6 4. Nf3 Nxe4 5. d3 Nf6 6. d4 d5 7. Bd3 Nc6 8. h3 Be6 9. 0-0 Qd7 10. Bb5 Bd6 11. Nc3 a6 12. Ne5 Bxe5 13. Bxc6 Qxc6 14. dxe5 Ne4 15. Ne2 Qb6 16. Qd4 Qxd4 17. Nxd4 c5 18. Ne2 c4 19. Be3 Rc8 20. f3 Nc5 21. Bxc5 Rxc5 22. b4 cxb3 23. cxb3 d4 24. f4 d3 25. Nd4 0-0 26. Rad1 g5 27. fxg5 Rxe5 28. Nxe6 fxe6 29. Rxf8+ Kxf8 30. Rxd3 Rxg5 31. Rd8+ Ke7 32. Rb8 Rb5 33. Kf2 Kf6 1/2-1/2

[Event "EU-ch (Women) 25th"]
[Site "Rhodes"]
[Date "2025.04.09"]
[Round "9"]
[White "Socko, Monika"]
[Black "Gaboyan, Susanna"]
[Result "1-0"]
[WhiteElo "2369"]
[BlackElo "2200"]
[PlyCount "39"]
[EventDate "2025.03.31"]
[EventType "swiss"]
[EventRounds "11"]
[EventCountry "GRE"]
[SourceTitle "CB16_2025"]
[SourceDate "2025.04.16"]
[SourceVersion "1"]
[SourceVersionDate "2025.04.16"]
[SourceQuality "1"]

1. e4 d5 2. exd5 Qxd5 3. Nc3 Qe5+ 4. Be2 Bg4 5. d4 Bxe2 6. Ncxe2 Qe4 7. Nf3 Nc6 8. 0-0 0-0-0 9. c4 e6 10. a3 Nh6 11. b4 Nf5 12. Ng5 Qh4 13. Nxf7 Ncxd4 14. Nxd8 Bd6 15. f4 Rxd8 16. Nxd4 Qf6 17. Bb2 Ne3 18. Qe2 Nxf1 19. Rxf1 e5 20. Nb5 1-0

[Event "EU-ch (Women) 25th"]
[Site "Rhodes"]
[Date "2025.04.04"]
[Round "5"]
[White "Socko, Monika"]
[Black "Gevorgyan, Maria"]
[Result "1-0"]
[WhiteElo "2369"]
[BlackElo "2234"]
[PlyCount "81"]
[EventDate "2025.03.31"]
[EventType "swiss"]
[EventRounds "11"]
[EventCountry "GRE"]
[SourceTitle "CB16_2025"]
[SourceDate "2025.04.16"]
[SourceVersion "1"]
[SourceVersionDate "2025.04.16"]
[SourceQuality "1"]

1. e4 e5 2. Nf3 Nc6 3. d4 exd4 4. Nxd4 Nf6 5. Nxc6 bxc6 6. Bd3 d5 7. exd5 cxd5 8. 0-0 Be7 9. h3 0-0 10. Nd2 c5 11. b3 Bb7 12. Bb2 Rb8 13. Re1 Ba8 14. Be5 Bd6 15. Nf3 Re8 16. Bxd6 Qxd6 17. Qd2 d4 18. Nh2 Qd5 19. f3 Qd7 20. Ng4 Nd5 21. Qg5 Rb6 22. Qf5 Rbe6 23. Qxh7+ Kf8 24. Qh8+ Ke7 25. Qxg7 Kd8 26. Ne5 Qe7 27. Nxf7+ Kc7 28. Rxe6 Qxe6 29. Ng5+ Qe7 30. Qxe7+ Rxe7 31. Kf2 Ne3 32. Ne4 Kb6 33. g4 c4 34. bxc4 Bxe4 35. Bxe4 Nxc4 36. Rb1+ Kc5 37. Rb7 Rxb7 38. Bxb7 Kb4 39. h4 Nd6 40. Bd5 a5 41. h5 1-0

[Event "EU-ch (Women) 25th"]
[Site "Rhodes"]
[Date "2025.04.03"]
[Round "4"]
[White "Calzetta Ruiz, Monica"]
[Black "Socko, Monika"]
[Result "1/2-1/2"]
[WhiteElo "2224"]
[BlackElo "2369"]
[PlyCount "87"]
[EventDate "2025.03.31"]
[EventType "swiss"]
[EventRounds "11"]
[EventCountry "GRE"]
[SourceTitle "CB16_2025"]
[SourceDate "2025.04.16"]
[SourceVersion "1"]
[SourceVersionDate "2025.04.16"]
[SourceQuality "1"]

1. e4 e6 2. d4 d5 3. Nd2 c5 4. Ngf3 Nf6 5. e5 Nfd7 6. c3 Nc6 7. Bd3 Be7 8. 0-0 g5 9. a3 a6 10. b4 c4 11. Be2 Nf8 12. Ne1 Ng6 13. g3 f5 14. exf6 Bxf6 15. Nc2 0-0 16. Ne3 b5 17. a4 Rb8 18. axb5 axb5 19. Bf3 Nce7 20. Ng4 e5 21. Nxf6+ Rxf6 22. dxe5 Nxe5 23. Bg2 Bg4 24. Qe1 Re6 25. Qe3 h6 26. h3 Nf3+ 27. Nxf3 Rxe3 28. Bxe3 Bf5 29. Ra6 Be4 30. Rxh6 Qf8 31. Bxg5 Bxf3 32. Bxf3 Qxf3 33. Bxe7 Qxc3 34. Bf6 Qd2 35. Rh8+ Kf7 36. Rxb8 Kxf6 37. Rxb5 c3 38. Rc5 d4 39. Ra1 c2 40. Ra6+ Ke7 41. Ra7+ Kd6 42. Ra6+ Kd7 43. Ra7+ Kd6 44. Ra6+ 1/2-1/2

[Event "EU-ch rapid (Women)"]
[Site "Monaco"]
[Date "2025.01.11"]
[Round "3"]
[White "Socko, Monika"]
[Black "Galvan Cipriani, Viviana"]
[Result "1/2-1/2"]
[WhiteElo "2371"]
[BlackElo "2098"]
[PlyCount "87"]
[EventDate "2025.01.11"]
[EventType "swiss (rapid)"]
[EventRounds "11"]
[EventCountry "MNC"]
[SourceTitle "CB03_2025"]
[SourceDate "2025.01.15"]
[SourceVersion "1"]
[SourceVersionDate "2025.01.15"]
[SourceQuality "1"]

1. d4 Nf6 2. Nf3 e6 3. e3 b6 4. Bd3 Bb7 5. 0-0 g6 6. c4 Bg7 7. Nc3 d6 8. e4 Nbd7 9. Re1 e5 10. dxe5 Nxe5 11. Nd5 Nfd7 12. Bf1 0-0 13. Nd4 a6 14. f4 Nc6 15. Be3 Re8 16. Nxc6 Bxc6 17. Bd4 Nf6 18. Qd3 a5 19. Rad1 Rc8 20. Qc2 Bxd5 21. cxd5 Nd7 22. Bxg7 Kxg7 23. Ba6 Rb8 24. Bb5 Re7 25. Qc3+ f6 26. Bxd7 Qxd7 27. e5 dxe5 28. fxe5 fxe5 29. Rxe5 Kg8 30. Rde1 Rbe8 31. h3 Qd6 32. Rxe7 Rxe7 33. Rxe7 Qxe7 34. Qd4 Kf7 35. Qf4+ Kg7 36. Qd4+ Kg8 37. Kh1 Qe1+ 38. Kh2 Qe7 39. Qf4 Kg7 40. Qd4+ Qf6 41. Qc4 Qe5+ 42. Kh1 Qe1+ 43. Kh2 Qe5+ 44. Kh1 1/2-1/2

[Event "EU-ch blitz (Women)"]
[Site "Monaco"]
[Date "2025.01.10"]
[Round "13"]
[White "Maisuradze, Nino"]
[Black "Socko, Monika"]
[Result "1/2-1/2"]
[WhiteElo "2174"]
[BlackElo "2371"]
[PlyCount "105"]
[EventDate "2025.01.10"]
[EventType "swiss (blitz)"]
[EventRounds "13"]
[EventCountry "MNC"]
[SourceTitle "CB03_2025"]
[SourceDate "2025.01.15"]
[SourceVersion "1"]
[SourceVersionDate "2025.01.15"]
[SourceQuality "1"]

1. d4 Nf6 2. c4 e6 3. Nf3 Bb4+ 4. Nbd2 b6 5. a3 Bxd2+ 6. Qxd2 Bb7 7. e3 0-0 8. b4 a5 9. Bb2 Ne4 10. Qc2 axb4 11. axb4 Rxa1+ 12. Bxa1 Qe7 13. c5 d5 14. Bd3 Nc6 15. Bc3 bxc5 16. bxc5 f5 17. 0-0 Nd8 18. Ne5 Nf7 19. c6 Nxe5 20. cxb7 Nxd3 21. Qxd3 Qa3 22. Qb5 Nxc3 23. b8Q Nxb5 24. Qxb5 Qd6 25. f4 Ra8 26. Rc1 Qa3 27. Re1 Qc3 28. Kf2 Ra2+ 29. Re2 Rxe2+ 30. Qxe2 c5 31. dxc5 Qxc5 32. Qb2 Kf7 33. Qb7+ Qe7 34. Qb2 Qa7 35. Kf3 h6 36. h3 Qa4 37. Kf2 Qc6 38. g4 fxg4 39. hxg4 Qc7 40. Qd4 Qc2+ 41. Kg3 Qc1 42. Kf2 Qh1 43. Qa7+ Kg6 44. f5+ exf5 45. gxf5+ Kxf5 46. Qf7+ Ke4 47. Qe7+ Kd3 48. Qa3+ Kd2 49. Qb2+ Kd3 50. Qa3+ Kc4 51. Qa4+ Kc3 52. Qa3+ Kc4 53. Qa4+ 1/2-1/2

[Event "Qatar Masters op-A"]
[Site "Doha"]
[Date "2024.12.07"]
[Round "5"]
[White "Socko, Monika"]
[Black "Vaibhav, Jayant Raut"]
[Result "0-1"]
[WhiteElo "2402"]
[BlackElo "2304"]
[PlyCount "180"]
[EventDate "2024.12.03"]
[EventType "swiss"]
[EventRounds "9"]
[EventCountry "QAT"]
[SourceTitle "CB51_2024"]
[SourceDate "2024.12.18"]
[SourceVersion "1"]
[SourceVersionDate "2024.12.18"]
[SourceQuality "1"]

1. d4 Nf6 2. c4 e6 3. Nc3 Bb4 4. Bd2 0-0 5. Nf3 b6 6. e3 Bb7 7. Rc1 d6 8. a3 Bxc3 9. Bxc3 Nbd7 10. Be2 Ne4 11. 0-0 Nxc3 12. Rxc3 a5 13. Nd2 e5 14. Bf3 Qc8 15. Bxb7 Qxb7 16. d5 f5 17. e4 a4 18. exf5 Rxf5 19. Qg4 Rf7 20. Ne4 Nc5 21. Ng5 Rf4 22. Qh5 h6 23. Nh3 Rf6 24. Qe2 Raf8 25. f3 b5 26. Nf2 Rf4 27. cxb5 Qxd5 28. Rd1 Qb7 29. Nh3 R4f7 30. Nf2 Rb8 31. Ne4 Ne6 32. Rd2 Nd4 33. Qd3 Nxb5 34. Rc1 Nd4 35. Rf1 Qa7 36. Kh1 Qa8 37. Rdf2 Rb3 38. Nc3 Nb5 39. Qe4 Qxe4 40. Nxe4 Rd3 41. Kg1 Rf8 42. Rc1 Rb8 43. Rc6 Kf7 44. Rfc2 Ke7 45. h4 Kd7 46. R6c4 Rd4 47. Ng3 Rxc4 48. Rxc4 Nd4 49. Rxa4 Rxb2 50. Ra8 Ne6 51. Nf5 Nf4 52. g4 e4 53. fxe4 Rg2+ 54. Kf1 Rxg4 55. Kf2 Nd3+ 56. Kf3 Ne5+ 57. Ke3 g6 58. Nxh6 Rxh4 59. Ng8 Ke6 60. a4 Rh8 61. Rf8 g5 62. Rf6+ Kd7 63. Rf8 Rh3+ 64. Kf2 g4 65. Kg2 Ra3 66. Rf4 Rxa4 67. Nf6+ Kc6 68. Rf2 Kc5 69. Rd2 c6 70. Ne8 Nc4 71. Rd3 Ra2+ 72. Kg3 Re2 73. Kf4 Rd2 74. Rxd2 Nxd2 75. Ng7 g3 76. Ne6+ Kc4 77. Kxg3 Nxe4+ 78. Kf3 d5 79. Kf4 Nc5 80. Nd8 Nd3+ 81. Ke3 d4+ 82. Kd2 c5 83. Nf7 Nb4 84. Nd6+ Kd5 85. Nb5 c4 86. Na3 c3+ 87. Ke2 Ke4 88. Kd1 d3 89. Kc1 Ke3 90. Nc4+ Ke2 0-1

[Event "Qatar Masters op-A"]
[Site "Doha"]
[Date "2024.12.05"]
[Round "3"]
[White "Socko, Monika"]
[Black "Maghsoodloo, Parham"]
[Result "0-1"]
[WhiteElo "2402"]
[BlackElo "2703"]
[PlyCount "82"]
[EventDate "2024.12.03"]
[EventType "swiss"]
[EventRounds "9"]
[EventCountry "QAT"]
[SourceTitle "CB51_2024"]
[SourceDate "2024.12.18"]
[SourceVersion "1"]
[SourceVersionDate "2024.12.18"]
[SourceQuality "1"]

1. d4 Nf6 2. Nf3 d5 3. g3 c5 4. c4 dxc4 5. Qa4+ Nc6 6. dxc5 e5 7. Bg2 Bd7 8. Qxc4 Qa5+ 9. Bd2 Qxc5 10. Na3 Be6 11. Qa4 Nd7 12. Ng5 Bd5 13. e4 Nb6 14. Qd1 Bc4 15. Nxc4 Nxc4 16. Bc3 Rd8 17. Qh5 g6 18. Qf3 Qe7 19. Qe2 b5 20. b3 Qxg5 21. bxc4 Nd4 22. Qb2 Ba3 23. Qb1 bxc4 24. h4 Qe7 25. Bxd4 Qb4+ 26. Ke2 exd4 27. Qxb4 d3+ 28. Ke3 Bxb4 29. Rhd1 Ba3 30. Bf1 0-0 31. Rab1 f5 32. e5 f4+ 33. gxf4 Bc5+ 34. Kd2 Rxf4 35. Kc3 a5 36. e6 Bb4+ 37. Rxb4 axb4+ 38. Kxb4 Kf8 39. a4 Rc8 40. Kb5 Rxf2 41. a5 Rb2+ 0-1

[Event "EU-ch 24th"]
[Site "Petrovac"]
[Date "2024.11.17"]
[Round "9"]
[White "Socko, Monika"]
[Black "Sivuk, Vitaly"]
[Result "1/2-1/2"]
[WhiteElo "2403"]
[BlackElo "2502"]
[PlyCount "71"]
[EventDate "2024.11.08"]
[EventType "swiss"]
[EventRounds "11"]
[EventCountry "MNE"]
[SourceTitle "CB47_2024"]
[SourceDate "2024.11.20"]
[SourceVersion "1"]
[SourceVersionDate "2024.11.20"]
[SourceQuality "1"]

1. d4 Nf6 2. Nf3 g6 3. c4 Bg7 4. Nc3 d5 5. cxd5 Nxd5 6. e4 Nxc3 7. bxc3 c5 8. Bb5+ Nd7 9. 0-0 0-0 10. Re1 Qc7 11. h3 a6 12. Bf1 b6 13. Bd2 e6 14. e5 Bb7 15. Ng5 b5 16. Ne4 Bxe4 17. Rxe4 Nb6 18. h4 Qc6 19. Bd3 Nc4 20. Bg5 h6 21. Bf6 cxd4 22. cxd4 Nb2 23. Qd2 Nxd3 24. Qxd3 Rac8 25. Rae1 Qc3 26. Qd1 Rc4 27. Bxg7 Kxg7 28. d5 Rxe4 29. Rxe4 exd5 30. Qxd5 Qc7 31. e6 fxe6 32. Qd4+ Rf6 33. Rxe6 Qc1+ 34. Kh2 Qf4+ 35. Qxf4 Rxf4 36. Rxa6 1/2-1/2

[Event "EU-ch 24th"]
[Site "Petrovac"]
[Date "2024.11.12"]
[Round "5"]
[White "Socko, Monika"]
[Black "Blanquet, Camille"]
[Result "1-0"]
[WhiteElo "2403"]
[BlackElo "2079"]
[PlyCount "65"]
[EventDate "2024.11.08"]
[EventType "swiss"]
[EventRounds "11"]
[EventCountry "MNE"]
[SourceTitle "CB47_2024"]
[SourceDate "2024.11.20"]
[SourceVersion "1"]
[SourceVersionDate "2024.11.20"]
[SourceQuality "1"]

1. e4 c6 2. d4 d5 3. exd5 cxd5 4. Bd3 Nc6 5. c3 Nf6 6. Bf4 Bg4 7. Qb3 Qd7 8. Nd2 e6 9. Ngf3 Bd6 10. Bxd6 Qxd6 11. 0-0 0-0 12. Rfe1 Bh5 13. Ne5 Nd7 14. f4 Rab8 15. Re3 Bg6 16. Bxg6 hxg6 17. Nxd7 Qxd7 18. Qd1 Qe7 19. Qg4 Qf6 20. Rae1 b5 21. Nf3 Qf5 22. Qh4 Qh5 23. Qf2 b4 24. Ng5 Rfc8 25. Rh3 Qg4 26. Rh4 Qf5 27. g4 Qd3 28. Rh3 Qa6 29. Qh4 Kf8 30. Qh8+ Ke7 31. Qxg7 Nd8 32. Rh7 bxc3 33. Nxf7 1-0

[Event "EU-ch 24th"]
[Site "Petrovac"]
[Date "2024.11.10"]
[Round "3"]
[White "Socko, Monika"]
[Black "Dragnev, Valentin"]
[Result "1/2-1/2"]
[WhiteElo "2403"]
[BlackElo "2566"]
[PlyCount "133"]
[EventDate "2024.11.08"]
[EventType "swiss"]
[EventRounds "11"]
[EventCountry "MNE"]
[SourceTitle "CB47_2024"]
[SourceDate "2024.11.20"]
[SourceVersion "1"]
[SourceVersionDate "2024.11.20"]
[SourceQuality "1"]

1. d4 d5 2. Nf3 e6 3. g3 b6 4. Bg2 Bb7 5. 0-0 Nf6 6. c4 dxc4 7. Qa4+ Nbd7 8. Nbd2 a6 9. Qxc4 b5 10. Qd3 c5 11. a4 c4 12. Qc2 Rc8 13. axb5 axb5 14. Nh4 Qb6 15. Bxb7 Qxb7 16. e4 Be7 17. e5 Nd5 18. Ne4 h6 19. f4 g6 20. Nf3 b4 21. Qe2 c3 22. bxc3 Nxc3 23. Nxc3 bxc3 24. Ba3 Bxa3 25. Rxa3 0-0 26. Qc2 Qc6 27. Nh4 Kg7 28. Rf3 Qd5 29. Rfxc3 Qxd4+ 30. Kg2 Qd5+ 31. Nf3 Nb6 32. Qd3 Qb7 33. Rcb3 Rfd8 34. Qe3 Rc6 35. Kh3 Qc7 36. Qf2 Rc5 37. Ra7 Qxa7 38. Qxc5 Nc8 39. Qxa7 Nxa7 40. Kg2 Nc6 41. Kf2 Ra8 42. Rb2 Ra3 43. Rd2 Nb4 44. Ke2 Rc3 45. Rd4 Rb3 46. Rd2 Ra3 47. Rd4 Nd5 48. Rd3 Ra5 49. Rd2 Nc3+ 50. Ke3 Nd5+ 51. Ke2 Rc5 52. Rd4 Kf8 53. Rd2 Ra5 54. Rd3 Ke8 55. Rd2 Ne7 56. Nd4 g5 57. Rb2 Ra8 58. Nb5 Kf8 59. Nd6 gxf4 60. gxf4 Nd5 61. Rb7 Nxf4+ 62. Kf3 Ng6 63. Rxf7+ Kg8 64. Rf6 Nxe5+ 65. Kf4 Nd3+ 66. Ke3 Ne5 67. Ke4 1/2-1/2

[Event "EU-ch 24th"]
[Site "Petrovac"]
[Date "2024.11.09"]
[Round "2"]
[White "Ahmadzada, Ahmad Samir"]
[Black "Socko, Monika"]
[Result "1/2-1/2"]
[WhiteElo "2542"]
[BlackElo "2403"]
[PlyCount "81"]
[EventDate "2024.11.08"]
[EventType "swiss"]
[EventRounds "11"]
[EventCountry "MNE"]
[SourceTitle "CB47_2024"]
[SourceDate "2024.11.20"]
[SourceVersion "1"]
[SourceVersionDate "2024.11.20"]
[SourceQuality "1"]

1. e4 e6 2. d4 d5 3. e5 c5 4. c3 Nc6 5. Nf3 Bd7 6. Be2 Rc8 7. 0-0 h6 8. Na3 cxd4 9. cxd4 Bxa3 10. bxa3 Nge7 11. Rb1 Na5 12. Bd3 0-0 13. Ne1 f5 14. exf6 Rxf6 15. Nf3 Be8 16. Ne5 Bg6 17. Nxg6 Nxg6 18. Qg4 Nf8 19. Bd2 b6 20. Rbe1 Nc4 21. Bc1 b5 22. Re2 Qb6 23. Rd1 Rc7 24. Bc2 Rcf7 25. Qg3 a6 26. h3 Nd6 27. f3 Nc4 28. f4 Nd6 29. Kh2 Rc7 30. Qf2 Rcf7 31. Bd3 Ng6 32. g3 Nf8 33. Bd2 Nc4 34. Bc1 Nd6 35. Bb1 Rc7 36. Qf3 Nf5 37. Bb2 Ng6 38. Rde1 Rc6 39. Qd3 Nf8 40. g4 Nd6 41. Qg3 1/2-1/2